Water stable aggregates and the associated active and recalcitrant carbon in soil under rubber plantation (Record no. 72302)

MARC details
000 -LEADER
fixed length control field 00558nam a2200181Ia 4500
100 ## - MAIN ENTRY--AUTHOR NAME
Personal name Kurmi B
245 #0 - TITLE STATEMENT
Title Water stable aggregates and the associated active and recalcitrant carbon in soil under rubber plantation
260 ## - PUBLICATION, DISTRIBUTION, ETC. (IMPRINT)
Name of publisher Science of the Total Environment
Year of publication 2020
500 ## - GENERAL NOTE
General note Source Year: 2020
650 ## - SUBJECT ADDED ENTRY--TOPICAL TERM
Topical Term Recalcitrant carbon
650 ## - SUBJECT ADDED ENTRY--TOPICAL TERM
Topical Term Rubber plantation
700 ## - ADDED ENTRY--PERSONAL NAME
Personal name Das A.K
700 ## - ADDED ENTRY--PERSONAL NAME
Personal name Lal R
700 ## - ADDED ENTRY--PERSONAL NAME
Personal name Nath J
856 ## - ELECTRONIC LOCATION AND ACCESS
Uniform Resource Identifier doi.org/10.1016/j.scitotenv.2019.135498)
942 ## - ADDED ENTRY ELEMENTS (KOHA)
Koha item type Journals
Holdings
Withdrawn status Lost status Damaged status Not for loan Home library Current library Shelving location Date acquired Serial Enumeration / chronology Koha item type
      Journals RRII Library RRII Library Agronomy 01/01/2021 Volume 703, Issue Journals